| 000 | 00502nab a2200145Ia 4500 | ||
|---|---|---|---|
| 003 | ES-SlBCS | ||
| 005 | 20210601133732.0 | ||
| 008 | 140529s1996 xxu||||| |||| 00| 0 por d | ||
| 041 | _apor | ||
| 100 | 1 |
_aPacheco, Decio _9208926 |
|
| 245 | 0 | 0 |
_aUm problema no Ensino de Ciências: organizaçâo conceitual do conteúdo ou estudo dos fenômenos _c Decio Pacheco |
| 650 | 0 | 4 |
_aExperiencia Educacional _9208927 |
| 773 | 0 |
_tEducaçao e Filosofia _gvol. 10, nº. 19, 1996, págs. 63-82 _wRev1534 |
|
| 942 | _cAR | ||
| 999 |
_c601293 _d601293 |
||